| 000 | 00563nam a22001817a 4500 | ||
|---|---|---|---|
| 008 | 230703b |||||||| |||| 00| 0 eng d | ||
| 020 | _a81-7024-617-2 | ||
| 040 |
_aNational Science Library _cNational Science Library |
||
| 080 |
_a504.453 _bN5 |
||
| 100 | _aAgrawal, Pramodkumar | ||
| 245 | _a पर्यावरण एवं नाड़ी प्रदुषण | ||
| 246 | _aParyavaran Evam Nadi Pradushan | ||
| 260 |
_aNew Delhi: _bAshish Publication House, |
||
| 300 | _a129p. | ||
| 650 | _aScience | ||
| 653 | _aPollution | ||
| 942 |
_2udc _cHBK |
||
| 999 |
_c48945 _d48945 |
||